000 00665nam a2200217 i 4500
001 bgj
100 1 _aSHAKESPEARE, William
_d(1564-1616)
245 1 0 _aThe History of Henry IV :
_bpart one /
_cWilliam Shakespeare ; edited by Maynard Mack.
260 _aNew York :
_bNew American Library,
_cc. 1965.
300 _a261 pp ;
_c18 cm.
490 1 _aThe Signet Classic Shakespeare
600 1 9 _aHenry IV, King of England, 1367-1413
650 9 _aHistorical drama
655 _aDrama
700 1 _aMACK, Maynard.
_eed.
830 _aThe Signet Classic Shakespeare
040 _cBPK
041 0 _aeng
942 _cKS
008 s uk f |000 0 eng
999 _c48868
_d48868
856 _uhttp://koha.tu.koszalin.pl/cgi-bin/koha/opac-detail.pl?biblionumber=48868
_yKatalog online BPK